Score 0/20 Timer 04:00
1 Play Today
Question Answer Wrong Answers
Toronto Canada
96.7%
United States
1%
Tunisia
0.1%
Turkmenistan
0.1%
Tel Aviv Israel
94.6%
Poland
0.4%
Saudi Arabia
2.1%
Portugal
0.6%
Tallahassee United States
93.7%
The Bahamas
1.6%
Venezuela
1.1%
Senegal
1.5%
Toulouse France
92.5%
Canada
0.8%
Luxembourg
2.8%
Spain
1.6%
Tijuana Mexico
91.6%
El Salvador
2.3%
Costa Rica
2%
Haiti
1.9%
Turin Italy
90.2%
Monaco
2.7%
San Marino
2.4%
Austria
2.5%
Thessaloniki Greece
89.2%
Cyprus
4.9%
Egypt
1.7%
Malta
1.8%
Taipei Taiwan
87.9%
China
7%
Philippines
2.5%
Palau
0.6%
Toyama Japan
87.4%
Tuvalu
3.1%
Togo
3.5%
Taiwan
3.5%
Tangier Morocco
87.1%
Brazil
2.5%
Peru
2.9%
Indonesia
5.1%
Tianjin China
81.5%
Cambodia
5.5%
Thailand
4.6%
Myanmar
6%
Tbilisi Georgia
78%
Azerbaijan
12.3%
Iran
3.3%
Kuwait
4%
Tallinn Estonia
75.6%
Latvia
10.2%
Lithuania
8.6%
Russia
3.3%
Trondheim Norway
57.5%
Denmark
10.8%
Netherlands
10.7%
Germany
18.7%
Tashkent Uzbekistan
56.1%
Tajikistan
13.9%
Kazakhstan
16.1%
Kyrgyzstan
11.5%
Tampere Finland
50.6%
Russia
6.9%
Sweden
14.8%
Latvia
25.3%
Tripoli Lebanon
50.5%
Syria
28%
Turkey
12.5%
Iraq
6.9%
Thai Nguyen Vietnam
50.4%
Thailand
37.6%
Cambodia
6.6%
Laos
3.2%
Trabzon Turkey
48%
Turkmenistan
22.1%
Tunisia
12.3%
Timor-Leste
14.8%
Townsville Australia
46.6%
New Zealand
27.4%
The Bahamas
22.7%
India
0.9%

You're not logged in!

Compare scores with friends on all Sporcle quizzes.
OR
Log In

Sporcle TV

Today on Sporcle TV


Watch our educational content, quiz creation guides, and fun videos on Sporcle TV.

Show Comments

Extras

Top Quizzes Today


Score Distribution

Paid Content

Your Account Isn't Verified!

In order to create a playlist on Sporcle, you need to verify the email address you used during registration. Go to your Sporcle Settings to finish the process.

Report this User

Report this user for behavior that violates our Community Guidelines.

Details: